| 000 | 00645nam a2200241Ia 4500 | ||
|---|---|---|---|
| 003 | OSt | ||
| 005 | 20220918230349.0 | ||
| 006 | a|||||r|||| 00| 0 | ||
| 007 | ta | ||
| 008 | 220917b |||||||| |||| 00| 0 eng d | ||
| 024 | _a252,434 | ||
| 037 | _cTextual | ||
| 040 |
_aARTS _cARTS _beng |
||
| 041 |
_2eng _aeng |
||
| 082 | _aX:3M24, G6 | ||
| 100 |
_aMises Ludwig Von _9124848 |
||
| 245 | 0 |
_aSocialism _b An economic and sociological analysis |
|
| 260 |
_aLondon _bJonathan Cape Uk _c1936 |
||
| 300 |
_a528p. _ccm. |
||
| 650 | _aECONOMICS | ||
| 942 |
_hX:3M24, G6 _cTEXL _2CC |
||
| 999 |
_c287822 _d287822 |
||